00753nam a2200181 a 450000100100000000500170001000800410002704000250006808200160009310000360010924501190014526000410026430000210030550400720032670000420039895201140044099900170055400003693020200930080028.0120206s1964 sp 000 0 spa d aDO-SdBNPbspacBNPHU axxxxbF363p1 aFernández Ruiz, José96332713aEl práctico de puerto y el contrato de practicaje. /cJosé L. Fernández Ruiz; prólogo F. Sánchez Calero. aBarcelona :bEdiciones Nauta,c1964. a198 p. ;c21 cm. aIncluye referencias bibliográfica y notas al pie de las páginas1 aSánchez Calero, F.,epról.963328 001050718MOaGRbGRcCTd2012-02-06iLF1l0oxxxx F363pp36930-10r2020-06-25w2020-06-25y1ZNo se presta c36420d36420